| 000 | 00489nam a2200145 4500 | ||
|---|---|---|---|
| 001 | 138843 | ||
| 003 | ES-MaACL | ||
| 007 | t| | ||
| 008 | 070214s1954 sp r ||||1| spa d | ||
| 100 | 1 |
_aSantos de Tudela. _9103497 |
|
| 245 | 1 | 0 |
_aConsideraciones piadosas sobre la vida oculta de la Sma. Virgen María / _cP. Santos de Tudela, O. F. M. |
| 260 |
_aZaragoza : _b[s. n.], _c1954 ( _fImp. `Heraldo de Aragón`) |
||
| 300 |
_a440 p., 8 lám. ; _c22 cm. |
||
| 852 |
_aES-MaACL _jC-8386 _bR.36440 |
||
| 999 |
_c138843 _d138843 |
||